Victorian Short Stories : (Record no. 244507)
[ view plain ]
| 000 -LEADER | |
|---|---|
| fixed length control field | 01093cam a22003013a 4500 |
| 001 - CONTROL NUMBER | |
| control field | 15252 |
| 003 - CONTROL NUMBER IDENTIFIER | |
| control field | PGUSA |
| 005 - DATE AND TIME OF LATEST TRANSACTION | |
| control field | 20140828083327.0 |
| 008 - FIXED-LENGTH DATA ELEMENTS--GENERAL INFORMATION | |
| fixed length control field | 050304s2005||||xxu|||||s|||||000 1 eng d |
| 040 ## - CATALOGING SOURCE | |
| Original cataloging agency | PGUSA |
| Language of cataloging | eng |
| 042 ## - AUTHENTICATION CODE | |
| Authentication code | dc |
| 050 #4 - LIBRARY OF CONGRESS CALL NUMBER | |
| Classification number | PR |
| 245 10 - TITLE STATEMENT | |
| Title | Victorian Short Stories : |
| Remainder of title | Stories of Successful Marriages |
| Medium | [electronic resource] |
| 260 ## - PUBLICATION, DISTRIBUTION, ETC. (IMPRINT) | |
| Name of publisher, distributor, etc | Project Gutenberg, |
| Date of publication, distribution, etc | 2005 |
| 505 0# - FORMATTED CONTENTS NOTE | |
| Formatted contents note | The Manchester Marriage, by Elizabeth Gaskell -- A Mere Interlude, by Thomas Hardy -- A Faithful Heart, by George Moore -- The Solid Gold Reef Company, Limited, by Walter Besant -- The Tree Of Knowledge, by Henry James. |
| 506 ## - RESTRICTIONS ON ACCESS NOTE | |
| Terms governing access | Public domain in the USA. |
| 516 ## - TYPE OF COMPUTER FILE OR DATA NOTE | |
| Type of computer file or data note | Electronic text |
| 653 ## - INDEX TERM--UNCONTROLLED | |
| Uncontrolled term | Marriage -- Fiction |
| 653 ## - INDEX TERM--UNCONTROLLED | |
| Uncontrolled term | Short stories |
| 700 1# - ADDED ENTRY--PERSONAL NAME | |
| Personal name | Moore, George, |
| Dates associated with a name | 1852-1933 |
| 700 1# - ADDED ENTRY--PERSONAL NAME | |
| Personal name | James, Henry, |
| Dates associated with a name | 1843-1916 |
| 700 1# - ADDED ENTRY--PERSONAL NAME | |
| Personal name | Gaskell, Elizabeth Cleghorn, |
| Dates associated with a name | 1810-1865 |
| 700 1# - ADDED ENTRY--PERSONAL NAME | |
| Personal name | Besant, Walter, |
| Dates associated with a name | 1836-1901 |
| 700 1# - ADDED ENTRY--PERSONAL NAME | |
| Personal name | Hardy, Thomas, |
| Dates associated with a name | 1840-1928 |
| 830 #0 - SERIES ADDED ENTRY--UNIFORM TITLE | |
| Uniform title | Project Gutenberg |
| Volume number/sequential designation | 15252 |
| 856 40 - ELECTRONIC LOCATION AND ACCESS | |
| Uniform Resource Identifier | <a href="http://www.gutenberg.org/ebooks/15252">http://www.gutenberg.org/ebooks/15252</a> |
| 942 ## - ADDED ENTRY ELEMENTS (KOHA) | |
| Koha item type | eBooks |
| Withdrawn status | Lost status | Damaged status | Home library | Current library | Date acquired | Total Checkouts | Date last seen | Price effective from | Koha item type |
|---|---|---|---|---|---|---|---|---|---|
| Project Gutenberg | Project Gutenberg | 08/28/2014 | 08/28/2014 | 08/28/2014 | eBooks |